000 01791nam a2200493 i 4500
001 25158
003 KOSZ 005
005 20200511095506.0
008 980713s1996 pl a f |000 0 pol
015 _aUWD 1997/5738
020 _a8323207798
035 _a991004836929705066
035 _a(PL-WaBN)b11273987-48omnis_nlop
035 _ab11273987
035 _a(OCoLC)830126999
035 _a(PL)b0000001127398
035 _a(EXLNZ-48OMNIS_NETWORK)9910528610205606
040 _aWA N
_cWA N
_dKOSZ 005/EG
080 _a551.7
080 _a(438)
080 _a(075.8)
100 1 _aStankowski, Wojciech
_d(1935- )
_eAutor
245 1 0 _aWstęp do geologii kenozoiku ze szczególnym odniesieniem do terytorium Polski /
_cWojciech Stankowski ; Uniwersytet im. Adama Mickiewicza w Poznaniu. Instytut Geologii. Zakład Geologii Kenozoiku.
260 _aPoznań :
_bWydaw. Naukowe UAM,
_c1996.
300 _a185 s., [2] k. tabl. złoż. :
_bmapy, rys., wykr. ;
_c30 cm.
336 _aTekst
_btxt
_2rdacontent
337 _aBez urządzenia pośredniczącego
_bn
_2rdamedia
338 _aWolumin
_bnc
_2rdacarrier
380 _aKsiążki
380 _aPublikacje dydaktyczne
385 _mPoziom nauczania
_aSzkoły wyższe
388 _a1901-2000
388 _a1989-2000
521 _aSkrypt dla studentów nauk o Ziemi.
650 7 _aKenozoik
_2DBN
650 7 _aGeologia
651 _aPolska
655 7 _aPodręczniki akademickie
_2DBN
658 _aGeografia i nauki o Ziemi
710 2 _aWydawnictwo Naukowe Uniwersytetu im. Adama Mickiewicza (Poznań)
_4pbl
856 _uhttp://koha.tu.koszalin.pl/cgi-bin/koha/opac-detail.pl?biblionumber=25158
_yKatalog online BPK
942 _2UKD
_cKS
999 _c25158
_d25158